[Event "London Classic Open 2016"]
[Site "London ENG"]
[Date "2016.12.12"]
[Round "5.88"]
[White "Cole, James"]
[Black "Korning, Peter"]
[Result "1-0"]
[WhiteElo "1827"]
[BlackElo "2081"]
[WhiteFideId "431818"]
[BlackFideId "1723332"]
[EventDate "2016.12.09"]

1. e4 e5 2. Nf3 Nc6 3. Bb5 a6 4. Ba4 Nf6 5. O-O Be7 6. Qe2 b5 7. Bb3 O-O 8. c3
d5 9. d3 Bg4 10. exd5 Nxd5 11. Qe4 Be6 12. Nxe5 Nxe5 13. Qxe5 Bd6 14. Qg5 Qd7
15. Bxd5 Bxd5 16. Bf4 Bxf4 17. Qxf4 Qc6 18. f3 Rae8 19. Nd2 Re2 20. Rfe1 Rfe8
21. Rxe2 Rxe2 22. Kf1 Qe6 23. c4 Bc6 24. b3 f5 25. d4 bxc4 26. bxc4 Qe7 27. d5
Be8 28. Qd4 Re5 29. Nb3 h6 30. Qd2 Re3 31. Re1 f4 32. Nd4 Qc5 33. Rxe3 fxe3 34.
Qd3 Bg6 35. Qxg6 Qxc4+ 36. Ne2 Qxa2 37. Qe8+ Kh7 38. Qxe3 Qxd5 39. Qe4+ Qxe4 40.
fxe4 Kg6 41. Kf2 Kf6 42. Ke3 c5 43. Kd3 Ke5 44. Nc3 a5 45. Na4 c4+ 46. Ke3 g6
47. g4 Kf6 48. h4 Ke5 49. Nc3 Kf6 50. Kd4 g5 51. h5 Ke6 52. e5 a4 53. Nxa4 c3
54. Nxc3 Ke7 55. Ne4 1-0

[Event "London Classic Open 2016"]
[Site "London ENG"]
[Date "2016.12.12"]
[Round "5.89"]
[White "Makepeace, Philip J"]
[Black "Newton, Andrew"]
[Result "1/2-1/2"]
[WhiteElo "2077"]
[BlackElo "1887"]
[WhiteFideId "413550"]
[BlackFideId "2403285"]
[EventDate "2016.12.09"]

1. e4 e6 2. d4 d5 3. Nc3 Bb4 4. exd5 exd5 5. Bd3 Nc6 6. a3 Bxc3+ 7. bxc3 Nge7 8.
Qh5 Be6 9. Nf3 Qd7 10. Ng5 O-O-O 11. Nxe6 fxe6 12. O-O Na5 13. Re1 Rde8 14. Bf4
g6 15. Qe2 Nf5 16. Bb5 Nc6 17. Rab1 Nd6 18. Ba4 a6 19. Bxd6 Qxd6 20. Bxc6 Qxc6
21. Rb3 b5 22. Qe3 Qd6 23. Rb4 Re7 24. a4 c6 25. axb5 cxb5 26. Reb1 Rc7 27. g3
Kb7 28. R4b3 Rhc8 1/2-1/2

[Event "London Classic Open 2016"]
[Site "London ENG"]
[Date "2016.12.12"]
[Round "5.90"]
[White "Prior, Stephen C V"]
[Black "Rushbrooke, Remy"]
[Result "1-0"]
[WhiteElo "2043"]
[BlackElo "1651"]
[WhiteFideId "423378"]
[BlackFideId "443590"]
[EventDate "2016.12.09"]

1. d4 f5 2. Bf4 Nf6 3. e3 e6 4. Nc3 c6 5. Bd3 d5 6. h3 Bd6 7. Bxd6 Qxd6 8. g4
Ne4 9. Bxe4 fxe4 10. Qd2 Nd7 11. Nge2 e5 12. Ng3 Nb6 13. b3 Be6 14. Nce2 O-O-O
15. dxe5 Qxe5 16. Qd4 Nd7 17. Qxe5 Nxe5 18. Nd4 Bd7 19. O-O-O Rhf8 20. Rd2 Nf3
21. Nxf3 Rxf3 22. Rhd1 g6 23. Kb2 Rdf8 24. Nxe4 Rxh3 25. Ng5 Rh4 26. f4 Bxg4 27.
Rf1 h6 28. Nf3 Bxf3 29. Rxf3 g5 30. f5 Re4 31. Rh2 Rf6 32. Rfh3 Rxf5 33. Rxh6
Rxe3 34. Rh7 Re8 35. Rg7 a6 36. Rhh7 a5 37. Rc7+ Kb8 38. Rxb7+ Ka8 39. Ra7+ Kb8
40. Rhb7+ Kc8 41. Rg7 Kb8 42. Rxa5 g4 43. Raa7 Rf4 44. Rab7+ Ka8 45. a4 g3 46.
a5 g2 47. a6 g1=Q 48. Rxg1 Rb8 49. Rc7 Rfb4 50. Rgg7 Rd8 51. Rxc6 Rb5 52. Rcc7
Rd6 53. Rgd7 Rxd7 54. Rxd7 Ra5 55. Kc3 Rxa6 56. Rxd5 Rc6+ 57. Kb2 Kb7 58. c4 Rh6
59. Kc3 Kc6 60. Kb4 Rh4 61. Rg5 Rh3 62. Rg6+ Kb7 63. c5 Kc7 64. Ka4 Rc3 65. b4
Rc1 66. Kb5 Rb1 67. Rg7+ Kb8 68. c6 Kc8 69. Ka5 1-0

[Event "London Classic Open 2016"]
[Site "London ENG"]
[Date "2016.12.12"]
[Round "5.91"]
[White "Longson, Sarah N"]
[Black "Ignatovic, Ernest"]
[Result "1-0"]
[WhiteTitle "WFM"]
[WhiteElo "2040"]
[BlackElo "1630"]
[WhiteFideId "2501465"]
[BlackFideId "12806986"]
[EventDate "2016.12.09"]

1. e4 e6 2. d4 d5 3. Nd2 Nf6 4. Bd3 c5 5. c3 Nc6 6. Ngf3 Qb6 7. exd5 exd5 8.
Qe2+ Be7 9. dxc5 Qxc5 10. Nb3 Qd6 11. Nbd4 O-O 12. O-O Bg4 13. Nf5 Qe6 14. Nxe7+
Nxe7 15. h3 Bf5 16. Qxe6 fxe6 17. Bb5 a6 18. Ba4 b5 19. Bb3 Nc6 20. Re1 Rfe8 21.
Bf4 Ne4 22. Nh4 g5 23. Bxg5 Nxg5 24. Nxf5 Na5 25. Nd4 Nxb3 26. axb3 Ne4 27. f3
Nc5 28. Re3 e5 29. Rae1 e4 30. R1e2 Nd3 31. fxe4 dxe4 32. Nf5 Nf4 33. Rf2 Nd3
34. Rg3+ Kf7 35. Rf1 Ke6 36. Ng7+ Kd5 37. Nxe8 Rxe8 38. Rd1 Ke5 39. Rgxd3 exd3
40. Re1+ Kf4 41. Rxe8 d2 42. Rd8 Ke3 43. Kf1 1-0

[Event "London Classic Open 2016"]
[Site "London ENG"]
[Date "2016.12.12"]
[Round "5.92"]
[White "Burke, John S"]
[Black "Johnson, Daniel"]
[Result "0-1"]
[WhiteElo "2055"]
[BlackElo "1877"]
[WhiteFideId "404322"]
[BlackFideId "1721283"]
[EventDate "2016.12.09"]

1. f4 e6 2. Nf3 Nf6 3. e3 c5 4. b3 b6 5. d3 Bb7 6. Be2 Be7 7. O-O O-O 8. e4 d6
9. Bb2 Nc6 10. Qe1 a6 11. Nc3 Rc8 12. Nd1 b5 13. Ne3 Qb6 14. Kh1 c4 15. Bd1 cxd3
16. cxd3 Nb4 17. Bd4 Qa5 18. Bc3 d5 19. exd5 Qa3 20. dxe6 Nxd3 21. Qd2 Ne4 22.
exf7+ Rxf7 23. Qxd3 Rxc3 24. Qd7 Bf8 25. Qd4 Bc5 26. Qd8+ Rf8 27. Qd7 Bxe3 28.
Qxb7 Nf2+ 29. Rxf2 Bxf2 30. Qd5+ Kh8 31. Ng5 Qe7 32. Bf3 Rcc8 33. Rd1 h6 34. Ne6
Rf6 35. f5 Bb6 36. Qe4 Ba7 37. h3 Bb8 38. Qe2 Rxf5 39. Nd4 Qc7 40. Kg1 Qh2+ 41.
Kf1 Rff8 42. Qd3 Rce8 43. a4 Rf7 44. axb5 Rfe7 45. Ne2 Ba7 46. Ke1 axb5 47. Kd2
Be3+ 48. Kc2 Qe5 49. Kb1 Ra7 50. Qc3 Qe7 51. Rd3 Bg5 52. Nd4 Qa3 53. Qb2 Qd6 54.
Kc2 b4 55. Ne2 Qc5+ 56. Kd1 Bf6 57. Qc2 Ra1+ 58. Kd2 Bg5+ 0-1

[Event "London Classic Open 2016"]
[Site "London ENG"]
[Date "2016.12.12"]
[Round "5.93"]
[White "Jennings, Richard"]
[Black "Horak, Martin"]
[Result "0-1"]
[WhiteElo "1879"]
[BlackElo "2126"]
[WhiteFideId "2404435"]
[BlackFideId "367095"]
[EventDate "2016.12.09"]

1. d4 f5 2. Nc3 Nf6 3. Bg5 e6 4. e4 fxe4 5. Nxe4 Be7 6. Bxf6 Bxf6 7. Nf3 b6 8.
Bd3 Bb7 9. Qe2 Nc6 10. c3 Ne7 11. h4 Nd5 12. g3 Qe7 13. Neg5 g6 14. Ne4 O-O-O
15. Ba6 c6 16. a4 Nc7 17. Bxb7+ Kxb7 18. a5 d6 19. O-O h6 20. axb6 axb6 21. b4
g5 22. h5 Ra8 23. Nfd2 Bg7 24. g4 Rhf8 25. Ng3 Nd5 26. b5 c5 27. Qe4 Rf4 28. Qh1
Rxa1 29. Rxa1 Kb8 30. Ra6 Qb7 31. dxc5 Bxc3 32. Nde4 dxc5 33. Ra3 Bd4 34. Rf3
Qf7 35. Rxf4 Qxf4 36. Qh3 Qf3 37. Qg2 Qxg4 38. Kh2 Nf4 39. Qf1 Nxh5 40. Nxh5
Qxh5+ 41. Kg2 Qg4+ 42. Ng3 Qf4 43. Qe2 e5 44. Nh5 Qf7 45. Ng3 c4 46. Qa2 g4 47.
Nh1 Qf3+ 48. Kh2 Qh3+ 49. Kg1 g3 50. Qxc4 Bxf2+ 51. Nxf2 Qh2+ 52. Kf1 Qxf2# 0-1

[Event "London Classic Open 2016"]
[Site "London ENG"]
[Date "2016.12.12"]
[Round "5.94"]
[White "Bhatia, Kanwal K"]
[Black "Johnson, Paul A"]
[Result "1-0"]
[WhiteTitle "WFM"]
[WhiteElo "2096"]
[BlackElo "1866"]
[WhiteFideId "407496"]
[BlackFideId "415677"]
[EventDate "2016.12.09"]

1. e4 e5 2. Nf3 Nc6 3. Bc4 Nf6 4. Ng5 d5 5. exd5 Na5 6. Bb5+ c6 7. dxc6 bxc6 8.
Bd3 h6 9. Ne4 Nxe4 10. Bxe4 Qc7 11. O-O Bd6 12. Nc3 Rb8 13. d3 O-O 14. a3 f5 15.
Bf3 Be6 16. b4 Nb7 17. Rb1 a6 18. a4 Rfd8 19. Qe1 Qf7 20. Bxc6 Rdc8 21. Bf3 Qc7
22. Bd2 Kh7 23. h3 Qf7 24. b5 Nc5 25. bxa6 Rxb1 26. Qxb1 Nxa6 27. Qb6 Bb4 28.
Qxa6 Bxc3 29. Be3 Bd4 30. c4 Qd7 31. Bxd4 exd4 32. Re1 Bf7 33. Rb1 Qe8 34. Qb5
Qe6 35. a5 Rc7 36. a6 Be8 37. Qb6 Qd7 38. Bb7 1-0

[Event "London Classic Open 2016"]
[Site "London ENG"]
[Date "2016.12.12"]
[Round "5.95"]
[White "Fernandez Aransay, Fernando"]
[Black "Kuntner, Reinhard2"]
[Result "1-0"]
[WhiteElo "1862"]
[BlackElo "2086"]
[WhiteFideId "2216280"]
[BlackFideId "1630555"]
[EventDate "2016.12.09"]

1. e4 c5 2. Nf3 d6 3. d4 cxd4 4. Nxd4 Nf6 5. Nc3 a6 6. Bc4 e6 7. Bb3 Be7 8. f4
Qc7 9. Qf3 Nc6 10. Be3 Nxd4 11. Bxd4 e5 12. Be3 O-O 13. O-O Bd7 14. f5 Bc6 15.
Rad1 b5 16. g4 Nxe4 17. Nd5 Bxd5 18. Bxd5 Ng5 19. Bxg5 Bxg5 20. Bxa8 Rxa8 21.
Qxa8+ 1-0

[Event "London Classic Open 2016"]
[Site "London ENG"]
[Date "2016.12.12"]
[Round "5.96"]
[White "Tiwari, Ashwani"]
[Black "Opasiak, Dustin Tennessee"]
[Result "1-0"]
[WhiteTitle "FM"]
[WhiteElo "2065"]
[BlackElo "1823"]
[WhiteFideId "5006961"]
[BlackFideId "24630217"]
[EventDate "2016.12.09"]

1. e4 d5 2. exd5 Qxd5 3. Nc3 Qd6 4. g3 Nf6 5. Bg2 Bg4 6. Nge2 c6 7. h3 Bxe2 8.
Qxe2 e6 9. d3 Qc7 10. O-O Bd6 11. Ne4 Nxe4 12. dxe4 Nd7 13. Rd1 O-O 14. Qd3 Bxg3
15. Qxg3 Qxg3 16. fxg3 Nb6 17. b3 1-0

[Event "London Classic Open 2016"]
[Site "London ENG"]
[Date "2016.12.12"]
[Round "5.97"]
[White "Lentzos, Ioanis"]
[Black "Giakoustidis, Spiros-Avgerinos"]
[Result "1-0"]
[WhiteElo "2035"]
[BlackElo "1800"]
[WhiteFideId "4255470"]
[BlackFideId "4208668"]
[EventDate "2016.12.09"]

1. e4 d5 2. exd5 Qxd5 3. Nf3 Bg4 4. Be2 Nc6 5. d4 O-O-O 6. Be3 Nh6 7. c4 Qh5 8.
d5 e6 9. Nc3 Bb4 10. Nd2 Bxe2 11. Qxe2 Qxe2+ 12. Kxe2 exd5 13. Nxd5 Nf5 14. Nf3
Nxe3 15. Nxe3 Rhe8 16. Rhd1 Bc5 17. Rxd8+ Kxd8 18. Rd1+ Kc8 19. a3 Na5 20. Nd2
f5 21. b4 Bxe3 22. fxe3 Nc6 23. Rf1 g6 24. g3 Ne5 25. Rf4 Ng4 26. Nf1 Nf6 27. h3
Re4 28. Nd2 Rxf4 29. exf4 Kd7 30. Ke3 Kd6 31. Nf3 a6 32. Ne5 Ke6 33. g4 Ne4 34.
Nf3 h6 35. Ne5 g5 36. Nd3 Nd6 37. Kd4 b6 38. a4 Ne4 39. c5 Nf6 40. a5 bxa5 41.
fxg5 hxg5 42. gxf5+ Kxf5 43. bxa5 Nd7 44. Kd5 Nb8 45. c6 Kf6 46. Nc5 Kf7 47. Ne6
Kf6 48. Nxc7 Ke7 49. Kc5 Kf6 50. Kb6 Ke5 51. Nxa6 1-0

[Event "London Classic Open 2016"]
[Site "London ENG"]
[Date "2016.12.12"]
[Round "5.98"]
[White "Bin-Suhayl, Yousuf"]
[Black "Riedener, Toni"]
[Result "0-1"]
[WhiteElo "1788"]
[BlackElo "2026"]
[WhiteFideId "427012"]
[BlackFideId "1302698"]
[EventDate "2016.12.09"]

1. Nf3 d5 2. c4 c6 3. e3 Nf6 4. d4 a6 5. Nc3 Bf5 6. Be2 e6 7. O-O Nbd7 8. Nh4
Bg6 9. f4 Be4 10. Nxe4 Nxe4 11. Nf3 Bd6 12. Nd2 Nxd2 13. Bxd2 O-O 14. f5 Qh4 15.
g3 Bxg3 16. hxg3 Qxg3+ 17. Kh1 Qh3+ 18. Kg1 Nf6 19. Rf3 Qg4+ 20. Kh2 Ne4 21. Be1
Ng5 22. Rg3 Qh4+ 23. Kg2 exf5 24. Bf2 Rae8 25. Qh1 Qe4+ 26. Bf3 Nxf3 27. Rxf3 g5
28. Qh6 Re6 0-1

[Event "London Classic Open 2016"]
[Site "London ENG"]
[Date "2016.12.12"]
[Round "5.99"]
[White "Lechner, Marcus"]
[Black "Islam, Mohammed"]
[Result "1-0"]
[WhiteElo "2000"]
[BlackElo "1788"]
[WhiteFideId "1629034"]
[BlackFideId "10211870"]
[EventDate "2016.12.09"]

1. e4 e5 2. Nf3 Nc6 3. Bb5 a6 4. Ba4 Nf6 5. d3 b5 6. Bb3 Be7 7. O-O O-O 8. h3 d6
9. a4 Bb7 10. c3 Na5 11. Bc2 c5 12. Re1 Re8 13. Nbd2 Bf8 14. Nf1 g6 15. Ng3 Bg7
16. Nh2 d5 17. Qf3 c4 18. Ng4 Nxg4 19. hxg4 cxd3 20. Qxd3 Qd7 21. Qe2 Bc6 22.
Rd1 bxa4 23. exd5 Bb5 24. Qf3 Nb3 25. Bxb3 axb3 26. Bg5 h6 27. Be3 Rac8 28. g5
hxg5 29. Bxg5 f5 30. Ne2 e4 31. Qe3 Bd3 32. Nf4 Bc2 33. Rd2 Qb5 34. Rc1 a5 35.
Ne6 Be5 36. Nd4 Bxd4 37. Qxd4 Bd3 38. Qf6 Qd7 39. Qxg6+ Qg7 40. Qxg7+ Kxg7 41.
d6 Kg6 42. Bh4 Rh8 43. d7 Ra8 44. g3 Rxh4 45. gxh4 Kh5 46. Ra1 Kxh4 47. Rxa5
Rg8+ 48. Kh2 Kg4 49. Rxd3 exd3 50. Rd5 Kf3 51. Rxd3+ Kxf2 52. d8=Q Rxd8 53. Rxd8
f4 54. Rb8 f3 55. Rxb3 Ke2 56. Rb8 f2 57. Rf8 f1=Q 58. Rxf1 Kxf1 59. c4 1-0

[Event "London Classic Open 2016"]
[Site "London ENG"]
[Date "2016.12.12"]
[Round "5.100"]
[White "Pollack, Oscar"]
[Black "Mulay, Partha"]
[Result "1-0"]
[WhiteElo "1985"]
[BlackElo "1767"]
[WhiteFideId "429414"]
[BlackFideId "436038"]
[EventDate "2016.12.09"]

1. d4 Nf6 2. Bg5 e6 3. Nd2 d5 4. e3 Bd6 5. c3 Nbd7 6. Bd3 O-O 7. f4 c5 8. Ngf3
Qc7 9. Ne5 b6 10. O-O Bb7 11. Qf3 Rac8 12. Qg3 g6 13. Qh4 Ne4 14. Bxe4 dxe4 15.
Nxd7 Qxd7 16. Nc4 Rfe8 17. Ne5 Bxe5 18. fxe5 f5 19. exf6 Qf7 20. Bh6 cxd4 21.
cxd4 e5 22. Bg7 exd4 23. exd4 e3 24. Rf4 Rc2 25. Qxh7+ 1-0

[Event "London Classic Open 2016"]
[Site "London ENG"]
[Date "2016.12.12"]
[Round "5.101"]
[White "French, Max"]
[Black "Thatte, Nishchal"]
[Result "1-0"]
[WhiteElo "1962"]
[BlackElo "1495"]
[WhiteFideId "426652"]
[BlackFideId "447234"]
[EventDate "2016.12.09"]

1. d4 e6 2. c4 d5 3. Nc3 c5 4. cxd5 exd5 5. Nf3 Nc6 6. g3 h6 7. Bg2 Nf6 8. O-O
Be7 9. b3 Bf5 10. dxc5 Bxc5 11. Bb2 O-O 12. Rc1 Be7 13. e3 Bh7 14. Ne2 Nb4 15.
Bd4 Nxa2 16. Ra1 Nb4 17. Ne5 Bc2 18. Qd2 a6 19. Bc3 Qc7 20. Rfc1 Bh7 21. Nxf7
Rxf7 22. Bxf6 Qd8 23. Bxe7 Qxe7 24. Ra4 a5 25. Rxb4 Qxb4 26. Qxb4 axb4 27. Bxd5
Rf8 28. Rc7 Be4 29. Be6 Bf5 30. Bxf7+ Rxf7 31. Rxf7 Kxf7 32. Nd4 Bh7 33. Kf1 Kf6
34. Ke2 Ke5 35. f3 Kd5 36. Kd2 g5 37. g4 Ke5 38. Nc2 Bg8 39. Nd4 Bh7 40. h3 Bg6
41. Ke2 h5 42. Kf2 h4 43. Ke2 Bh7 44. Kd2 Bg6 45. Nc2 Bf7 46. Nxb4 Bxb3 47. Nd3+
Kf6 48. Nc5 Bd5 49. e4 Bc6 50. Ke3 Ke5 51. Nd3+ Kf6 52. f4 Bb5 53. fxg5+ Kxg5
54. e5 Kg6 55. Nf4+ Kf7 56. g5 Bd7 57. Kd4 b5 58. Kc5 Be8 59. Kd5 b4 60. Kc4 Bd7
61. Kxb4 Bf5 62. Kc5 Bc8 63. Kd6 Bf5 64. e6+ Bxe6 65. Nxe6 Kg6 66. Ke5 Kh5 67.
Kf4 Kg6 68. Kg4 Kf7 69. Kf5 Kg8 70. g6 Kh8 71. g7+ Kh7 72. Kf6 Kg8 73. Nd4 Kh7
74. Kf7 Kh6 75. g8=Q Kh5 76. Qg6# 1-0

[Event "London Classic Open 2016"]
[Site "London ENG"]
[Date "2016.12.12"]
[Round "5.102"]
[White "Chilton, James I"]
[Black "Jones, Tibor"]
[Result "1-0"]
[WhiteElo "1740"]
[BlackElo "1946"]
[WhiteFideId "423009"]
[BlackFideId "2405288"]
[EventDate "2016.12.09"]

1. e4 c5 2. Nf3 d6 3. d4 cxd4 4. Nxd4 Nf6 5. Nc3 a6 6. Be3 e6 7. f3 b5 8. Qd2
Nbd7 9. g4 Nb6 10. O-O-O Bb7 11. Bd3 Rc8 12. Rhe1 b4 13. Nce2 Nfd7 14. f4 Nc5
15. Ng3 Be7 16. f5 e5 17. Nb3 Nca4 18. Na5 Nxb2 19. Nxb7 Nxd3+ 20. Qxd3 Qc7 21.
Nxd6+ Bxd6 22. Bxb6 Qxb6 23. Qxd6 Qc5 24. Qd7+ Kf8 25. Qd6+ Qxd6 26. Rxd6 a5 27.
Red1 Ke8 28. R6d5 1-0

[Event "London Classic Open 2016"]
[Site "London ENG"]
[Date "2016.12.12"]
[Round "5.103"]
[White "Solli, Oddvar"]
[Black "Thode, Gilda"]
[Result "0-1"]
[WhiteElo "1731"]
[BlackElo "1943"]
[WhiteFideId "1501208"]
[BlackFideId "1323628"]
[EventDate "2016.12.09"]

1. Nf3 b6 2. g3 Bb7 3. Bg2 e6 4. O-O Nf6 5. c4 Be7 6. Nc3 c5 7. d4 cxd4 8. Qxd4
Nc6 9. Qf4 d6 10. b3 O-O 11. Ba3 d5 12. Bxe7 Nxe7 13. Rfd1 Ng6 14. Qe3 Qe7 15.
cxd5 Nxd5 16. Nxd5 Bxd5 17. Rd2 Rac8 18. Rad1 Rc5 19. Ne1 Bxg2 20. Kxg2 Qb7+ 21.
Qf3 Qc8 22. Qe4 Re5 23. Qc2 Qa8+ 24. Kg1 Rc5 25. Qb2 Rg5 26. Nf3 Rc5 27. Rd7 a5
28. Qd2 Qe4 29. Qd3 Qb4 30. Rd4 Qc3 31. Qxc3 Rxc3 32. R1d2 Rc7 33. Kg2 e5 34.
Rd6 b5 35. e3 Rc5 36. Ng5 h6 37. Ne4 Rcc8 38. R6d5 Rb8 39. Nd6 Rfd8 40. Nxb5
Rxd5 41. Rxd5 f6 42. Nc3 Ra8 43. Rb5 Ne7 44. Na4 Nc8 45. Rd5 Ne7 46. Rc5 Ra6 47.
Nb2 Kf7 48. Nc4 Nc6 49. Kf3 Ke6 50. Rb5 a4 51. Rb7 g6 52. b4 Ra7 53. Rxa7 Nxa7
54. Nb6 Nc6 55. b5 Na7 56. Nxa4 Nxb5 57. Ke4 f5+ 58. Kd3 Nd6 59. Nb6 Ne4 60. f3
Ng5 61. Ke2 e4 62. fxe4 fxe4 63. a4 Kd6 64. Nc4+ Kd5 65. a5 Kxc4 66. a6 Ne6 67.
a7 Nc7 0-1

[Event "London Classic Open 2016"]
[Site "London ENG"]
[Date "2016.12.12"]
[Round "5.106"]
[White "Levene, Joseph"]
[Black "Bhavik Ahuja"]
[Result "1-0"]
[WhiteElo "1895"]
[BlackElo "1344"]
[WhiteFideId "423599"]
[BlackFideId "46647392"]
[EventDate "2016.12.09"]

1. e4 e6 2. d4 d5 3. exd5 exd5 4. Nf3 Bd6 5. c4 Nf6 6. Bd3 O-O 7. O-O Bg4 8. Bg5
Nc6 9. c5 Be7 10. Be2 Ne4 11. Bxe7 Qxe7 12. Nbd2 Rad8 13. Re1 Qf6 14. Nb3 Rfe8
15. a3 Re6 16. Qd3 Rde8 17. Rac1 Ng5 18. Kf1 Bf5 19. Qd2 Ne4 20. Qd1 Bg4 21. Qd3
Qf5 22. Nbd2 Rh6 23. Kg1 Qh5 24. Nf1 Ng5 25. Nxg5 Bxe2 26. Qd2 f6 27. Nh3 Bxf1
28. Rxe8+ Qxe8 29. Rxf1 Qe4 30. Re1 Qg4 31. Qe3 Qd7 32. Nf4 Rh4 33. g3 Rg4 34.
Qe8+ Qxe8 35. Rxe8+ Kf7 36. Rc8 Nxd4 37. Rxc7+ Ke8 38. Rxb7 Rg5 39. Rxa7 Re5 40.
Rxg7 Nf3+ 41. Kg2 Ne1+ 42. Kf1 Nf3 43. Rxh7 d4 44. Nd3 Nd2+ 45. Kg2 Re2 46. c6
Ne4 47. Rh8+ Ke7 48. c7 Rc2 49. c8=Q Rxc8 50. Rxc8 1-0

[Event "London Classic Open 2016"]
[Site "London ENG"]
[Date "2016.12.12"]
[Round "5.107"]
[White "Roebuck, Derek"]
[Black "Peters, Stephen G"]
[Result "1/2-1/2"]
[WhiteElo "1653"]
[BlackElo "2128"]
[WhiteFideId "3226999"]
[BlackFideId "406040"]
[EventDate "2016.12.09"]

1. e4 e5 2. f4 exf4 3. Nf3 Nf6 4. Nc3 d5 5. exd5 Nxd5 6. Bc4 c6 7. O-O Be7 8. d4
O-O 9. Nxd5 cxd5 10. Bb3 Nc6 11. Bxf4 Na5 12. c3 Qb6 13. Bxd5 Bf5 14. Ne5 Be6
15. Bxe6 1/2-1/2

[Event "London Classic Open 2016"]
[Site "London ENG"]
[Date "2016.12.12"]
[Round "5.108"]
[White "Alderson, John K A"]
[Black "Lie, Terje"]
[Result "1-0"]
[WhiteElo "1839"]
[BlackElo "1563"]
[WhiteFideId "422711"]
[BlackFideId "1504916"]
[EventDate "2016.12.09"]

1. c4 Nf6 2. Nc3 e6 3. Nf3 c5 4. e4 d6 5. d4 cxd4 6. Nxd4 Be7 7. Be2 Nc6 8. O-O
O-O 9. Be3 a6 10. Qd2 Qc7 11. Nc2 Rd8 12. Na4 Nd7 13. b4 Nde5 14. Bb6 Qd7 15.
Bxd8 Bxd8 16. f4 Ng6 17. Rad1 Bc7 18. e5 Ncxe5 19. fxe5 Qxa4 20. exd6 Bb6+ 21.
c5 Bxc5+ 22. bxc5 Bd7 23. Nd4 e5 24. Nf3 Qc6 25. Qe3 f6 26. Bc4+ Kh8 27. Bd5 Qc8
28. Rb1 Rb8 29. Rfc1 Nf4 30. Bc4 Bc6 31. Bf1 Ne6 32. g3 Qd8 33. Bh3 Nf8 34. Rd1
Nd7 35. Bxd7 Qxd7 36. Rf1 Re8 37. Rf2 Qe6 38. Rbf1 Bb5 39. Rd1 Qd7 40. Nh4 Qg4
41. Qf3 Qd7 42. Nf5 Bc6 43. Qe3 Ba4 44. Rdd2 Bc6 45. Ne7 Bb5 46. Qb3 Rf8 47. Qd5
Bc6 48. Nxc6 bxc6 49. Qxe5 Re8 50. Qxe8+ Qxe8 51. Rfe2 Qd8 52. d7 1-0

[Event "London Classic Open 2016"]
[Site "London ENG"]
[Date "2016.12.12"]
[Round "5.109"]
[White "Witt, Holger"]
[Black "Mohnblatt, Daniel"]
[Result "0-1"]
[WhiteElo "1628"]
[BlackElo "1769"]
[WhiteFideId "24678139"]
[BlackFideId "648582"]
[EventDate "2016.12.09"]

1. c4 e5 2. Nc3 Nf6 3. Nf3 Nc6 4. d4 exd4 5. Nxd4 Bb4 6. Nxc6 bxc6 7. Bg5 h6 8.
Bh4 g5 9. Bg3 d6 10. Qc2 Qe7 11. e3 h5 12. h3 Ne4 13. Bh2 Rb8 14. Bd3 Nxc3 15.
bxc3 Bc5 16. O-O Be6 17. Rab1 Kd7 18. Rxb8 Rxb8 19. Rb1 Qd8 20. Rxb8 Qxb8 21.
Bf5 Qd8 22. Kf1 Qe7 23. Qe4 Qf6 24. Bxe6+ fxe6 25. Qh7+ Kc8 26. Qxh5 Bxe3 27.
Qe2 Bb6 28. Qf3 Qxf3 29. gxf3 Ba5 30. Bg3 Bxc3 31. h4 gxh4 32. Bxh4 d5 33. cxd5
cxd5 34. Bg5 Kd7 35. Bc1 c5 36. Bf4 Kc6 37. Bc1 Kb5 38. Ke2 c4 39. Kd1 d4 40.
Kc2 Bb4 41. Bb2 d3+ 42. Kd1 0-1

[Event "London Classic Open 2016"]
[Site "London ENG"]
[Date "2016.12.12"]
[Round "5.110"]
[White "Leko, Ian E"]
[Black "Saksham, Rautela"]
[Result "0-1"]
[WhiteElo "1588"]
[BlackElo "1768"]
[WhiteFideId "452173"]
[BlackFideId "35046977"]
[EventDate "2016.12.09"]

1. e4 e6 2. d4 d5 3. Nd2 Be7 4. Ngf3 Nf6 5. e5 Nfd7 6. Be2 c5 7. c3 Nc6 8. O-O
Qb6 9. Nb3 O-O 10. Ne1 cxd4 11. cxd4 f6 12. f4 fxe5 13. fxe5 Ndxe5 14. Rxf8+
Bxf8 15. Kh1 Nf7 16. Bf4 Bd7 17. Nf3 Rc8 18. Rc1 Na5 19. Nxa5 Rxc1 20. Qxc1 Qxa5
21. Qb1 Bb5 22. Bd1 g6 23. Bc2 Bg7 24. h3 Be2 25. Ne5 Nxe5 26. dxe5 Qb4 27. Bg5
Qd4 28. Bxg6 hxg6 29. Qxg6 Qxe5 30. Bh6 Bh5 31. Bxg7 Qe1+ 0-1

[Event "London Classic Open 2016"]
[Site "London ENG"]
[Date "2016.12.12"]
[Round "5.111"]
[White "Haddock, Paul"]
[Black "De Lagontrie, Jean"]
[Result "1/2-1/2"]
[WhiteElo "1569"]
[BlackElo "1746"]
[WhiteFideId "419150"]
[BlackFideId "605271"]
[EventDate "2016.12.09"]

1. e4 e6 2. d4 d5 3. Nd2 Nf6 4. e5 Nfd7 5. Bd3 c5 6. c3 Nc6 7. Ndf3 cxd4 8. cxd4
f6 9. exf6 Nxf6 10. Ne2 Bd6 11. Bf4 Bxf4 12. Nxf4 O-O 13. O-O Ne4 14. Ne2 Rxf3
15. gxf3 Ng5 16. Ng3 Nh3+ 17. Kh1 Qh4 18. Qe2 Bd7 19. Qe3 Rf8 20. Rac1 a6 21.
Rxc6 bxc6 22. a3 a5 23. Bc2 Nf4 24. Rg1 Nh3 25. Rg2 Nf4 26. Rg1 Nh3 27. Rg2 1/2-1/2

[Event "London Classic Open 2016"]
[Site "London ENG"]
[Date "2016.12.12"]
[Round "5.112"]
[White "McKerracher, Douglas"]
[Black "Spychala, Josefa"]
[Result "1-0"]
[WhiteElo "1962"]
[BlackElo "1466"]
[WhiteFideId "2401002"]
[BlackFideId "1136208"]
[EventDate "2016.12.09"]

1. e4 c5 2. Nc3 Nf6 3. e5 Ng8 4. Bc4 e6 5. Nf3 a6 6. a4 Nc6 7. O-O d6 8. exd6
Bxd6 9. Re1 Nf6 10. d3 O-O 11. Bg5 Be7 12. Qd2 h6 13. Bh4 Re8 14. Rad1 Nd4 15.
Nxd4 cxd4 16. Bxf6 Bxf6 17. Ne4 Bd7 18. Bb3 Bc6 19. Qf4 Bxe4 20. Rxe4 e5 21. Qf3
Qe7 22. Qh5 Qf8 23. Rg4 g5 24. Qg6+ Qg7 25. Bxf7+ 1-0